| 000 | 00760nam a22001937a 4500 | ||
|---|---|---|---|
| 999 |
_c193689 _d193689 |
||
| 005 | 20221109151825.0 | ||
| 010 | _aENG-135637 | ||
| 020 |
_a97881846207587 _c395.00 |
||
| 035 | _aEN-119169 | ||
| 037 | _bDBAD/PUB | ||
| 082 | _a201.7273 | ||
| 100 | _aCollier, Dirk | ||
| 245 |
_aPaths to peace: _breligion, ethics & tolerance in a globalizing world/ _cby Dirk Collier; forwarded by Herman Van Rompuy |
||
| 260 |
_aPrabhadevi _bVakils, Feffer & Simons Pvt. Ltd. _c2013 |
||
| 270 |
_aIndustry Manor, Appasaheb Marathe Marg, Pravedevi _bMumbai _400025 _k912224306780 _l912224225111 _minfo@vakilspublications.com |
||
| 300 |
_a214p. _c23cm(pbk) _bBibliography & Index |
||
| 700 |
_aRompuy, Herman Van _eforwarder |
||
| 942 |
_2ddc _cEN _mCOL _h201.7273 |
||